|
|
|
|
| LEADER |
00000nam a2200000 a 4500 |
| 001 |
vtls001193265 |
| 003 |
SK-MaSNL |
| 005 |
20260301154338.0 |
| 008 |
250414s1992 CS 0 cze |
| 020 |
|
|
|a 8070111860
|
| 035 |
|
|
|a SNK000136330
|
| 040 |
|
|
|a SNK
|b slo
|c SNK
|e AACR2
|
| 041 |
0 |
|
|a cze
|
| 044 |
|
|
|a [CS]
|
| 080 |
|
|
|a 656.025:912(437-25)
|2 1981
|
| 080 |
|
|
|a 912(437-25)
|2 1981
|
| 245 |
0 |
0 |
|a Praha
|h Mapa
|b Městská hromadná doprava. Měřítko 1:30 000 ; Odp. red. Jitka Chmelíková
|
| 250 |
|
|
|a 1. vyd.
|
| 260 |
|
|
|a Praha
|b Kartografie
|c 1992
|
| 300 |
|
|
|a 1 list
|c 64x95 cm
|
| 500 |
|
|
|a Fareb. ofset. Vysvetl. Sprievodný text. Čiast. text nem., angl., franc., tal. a rus.
|
| 700 |
1 |
|
|a Chmelíková, Jitka
|4 zre
|9 452986
|
| 852 |
|
|
|a Slovenská národná knižnica
|
| 919 |
|
|
|a 80-7011-186-0
|
| 954 |
|
|
|a Praha
|a doprava mestská hromadná
|a mapy orientačné
|
| 999 |
|
|
|c 796497
|d 798427
|
| 952 |
|
|
|t P60, <04>, [BOOK], {604}
|a SNK
|b SNK
|y VYP
|7 0
|p 17A0082146
|o snkILCm 1552
|0 0
|1 0
|4 0
|d 1997-08-12
|l 0
|r 2005-01-01 00:00:00
|w 2026-02-24
|